000 00327nam a2200133Ia 4500
008 240624s9999 xx 000 0 und d
041 _aeng
082 _a658.4063 KEL
100 _aKELLEY THOMAS
245 _aART OF INNOVATION LESSONS IN CREATIVITY
260 _c2001
_bBroadway Business
300 _a320 : p.
365 _cRS
999 _c16584
_d16584